0703-会津鉄道の駅 - Statistics

General Stats
  • This quiz has been taken 96 times
    94 since last reset
  • The average score is 13 of 21
Answer Stats
会津線 % Correct
会津田島
97%
会津高原尾瀬口
94%
西若松
90%
塔のへつり
75%
芦ノ牧温泉
68%
会津山村道場
68%
田島高校前
67%
会津荒海
65%
湯野上温泉
63%
大川ダム公園
61%
芦ノ牧温泉南
60%
七ヶ岳登山口
60%
南若松
57%
会津下郷
56%
中荒井
56%
門田
53%
あまや
53%
養鱒公園
51%
会津長野
46%
弥五島
42%
ふるさと公園
40%
No matching quizzes found
Score Distribution
Percent of People with Each Score
Percentile by Number Answered
Your Score History
You have not taken this quiz since the last reset